Neuromanagment: la revolución neurocientífica en las organizaciones del managment al neuromanagment (Registro nro. 7272)
[ vista simple ]
| 000 -CABECERA | |
|---|---|
| campo de control de longitud fija | 01058nam a22003377a 4500 |
| 005 - FECHA Y HORA DE ACTUALIZACIÓN | |
| campo de control | 20170210181427.0 |
| 008 - LONGITUD FIJA | |
| campo de control de longitud fija | 160106b xxu||||| |||| 00| | spa d |
| 020 ## - INTERNATIONAL STANDARD BOOK NUMBER | |
| Número Internacional Estándar del Libro | 9789506418038 |
| 041 ## - IDIOMA | |
| Código de idioma del texto/pista de sonido o título separado | |
| 082 ## - CLASIFICACIÓN DECIMAL DEWEY | |
| Número de clasificación | 658 B814n2 |
| 100 ## - AUTOR PERSONAL | |
| Nombre de persona | Braidot, Néstor Pedro |
| 245 ## - TÍTULO PROPIAMENTE DICHO | |
| Título | Neuromanagment: la revolución neurocientífica en las organizaciones del managment al neuromanagment |
| 250 ## - EDICIÓN | |
| Mención de edición | 2 edición |
| 260 ## - PIE DE IMPRENTA | |
| Lugar de publicación, distribución, etc. | Argentina |
| Nombre del editor, distribuidor, etc. | Gránica |
| Fecha de publicación, distribución, etc. | 2014 |
| 300 ## - DESCRIPCIÓN FÍSICA | |
| Extensión | 488 páginas |
| 650 ## - Materia General | |
| Materia general | ADMINISTRACIÓN |
| 650 ## - Materia General | |
| Materia general | NEUROCIENCIA |
| 650 ## - Materia General | |
| Materia general | PLANEAMIENTO ESTRATÉGICO |
| 650 ## - Materia General | |
| Materia general | REDES NEURONALES |
| 650 ## - Materia General | |
| Materia general | ANTROPOLOGÍA SENSORIAL |
| 650 ## - Materia General | |
| Materia general | CONSTRUCCIÓN CEREBRAL |
| 650 ## - Materia General | |
| Materia general | TOMA DE DECICIONES |
| 650 ## - Materia General | |
| Materia general | INTELIGENCIA EMOCIONAL |
| 650 ## - Materia General | |
| Materia general | INTELIGENCIAS MULTIPLES |
| 650 ## - Materia General | |
| Materia general | INTELIGENCIA CREATIVA |
| 650 ## - Materia General | |
| Materia general | MEMORIA |
| 650 ## - Materia General | |
| Materia general | APRENDIZAJE |
| 650 ## - Materia General | |
| Materia general | TIPOS DE MEMORIA |
| 650 ## - Materia General | |
| Materia general | ORGANIZACIONES |
| 942 ## - Punto de Acceso Adicional Koha | |
| Tipo de ítem Koha | Libro |
| Estado perdido | Estado dañado | No para préstamo | Biblioteca permanente | Biblioteca actual | Signatura completa | Código de barras | Precio efectivo a partir del | Tipo de ítem |
|---|---|---|---|---|---|---|---|---|
| Departamento de Biblioteca y Documentación Alfonso Chase Brenes | Departamento de Biblioteca y Documentación Alfonso Chase Brenes | 658 B814n2 | 19985 | 11/02/2016 | Libro |